000 00240nam a2200097Ia 4500
001 1207474
005 20250827022826.0
008 250824s9999 xx 000 0 und d
245 0 _aSAFAHAT
_cMEHMET AKİF ERSOY
260 _bTİMAŞ YAYINLARI
999 _c1207474
_d1207474